Mariano Marcos State University

University Library System

Communication participation and outputs of tobacco farmers, 1979 : (Record no. 9671)

MARC details
000 -LEADER
fixed length control field 00979nas a22002897 4500
001 - CONTROL NUMBER
control field nlp00002910
003 - CONTROL NUMBER IDENTIFIER
control field OSt
005 - DATE AND TIME OF LATEST TRANSACTION
control field 20171010095505.0
008 - FIXED-LENGTH DATA ELEMENTS--GENERAL INFORMATION
fixed length control field 960819s1979|||| eng
035 ## - SYSTEM CONTROL NUMBER
System control number (elib)nlp00002910
040 ## - CATALOGING SOURCE
Original cataloging agency NLP
Transcribing agency ULS
082 ## - DEWEY DECIMAL CLASSIFICATION NUMBER
Classification number 630.715
100 1# - MAIN ENTRY--PERSONAL NAME
Personal name Dy, Mary Ebitha Y.
9 (RLIN) 11875
245 1# - TITLE STATEMENT
Title Communication participation and outputs of tobacco farmers, 1979 :
Statement of responsibility, etc. Mary Ebitha Y. Dy.
260 ## - PUBLICATION, DISTRIBUTION, ETC.
Date of publication, distribution, etc. 1979.
300 ## - PHYSICAL DESCRIPTION
Extent xv, 233 leaves ;
Dimensions 28 cm.
500 ## - GENERAL NOTE
General note Thesis (MS Development Communication) - University of the Philippines, College, Laguna.
500 ## - GENERAL NOTE
General note Bibliography: leaves 199-206. - Vita.
546 ## - LANGUAGE NOTE
Language note English.
650 ## - SUBJECT ADDED ENTRY--TOPICAL TERM
Topical term or geographic name entry element Communication in agriculture - Philippines.
9 (RLIN) 11876
650 ## - SUBJECT ADDED ENTRY--TOPICAL TERM
Topical term or geographic name entry element Tobacco workers - Philippines.
9 (RLIN) 11877
940 ## - EQUIVALENCE OR CROSS-REFERENCE--UNIFORM TITLE [OBSOLETE] [CAN/MARC only]
Uniform title <a href="NLP">NLP</a>
942 ## - ADDED ENTRY ELEMENTS (KOHA)
Source of classification or shelving scheme
Koha item type Thesis/Dissertation
Holdings
Withdrawn status Lost status Source of classification or shelving scheme Damaged status Not for loan Home library Current library Date acquired Total Checkouts Full call number Barcode Date last seen Price effective from Koha item type Public note
          REF REF 08/07/2012   630.715 34 10/10/2017 10/10/2017 Thesis/Dissertation Library Use only

© 2023 Mariano Marcos State University. All Rights Reserved.

Powered by Koha